• 首页
  • 本馆介绍
  • 公告通知
  • 最新文献
  • 馆藏检索
  • 电子资源
  • 读者导购
  • 参考咨询
  • 我的图书馆
  • 登录
  • 详细信息显示
  • 放入我的书架
  • 预约/预借图书
  • 作者相关作品
  • 分类相关作品
  • 丛书相关作品
  • 出版社相关作品

书目信息

  • 表格格式
  • 工作单格式
  • 卡片格式
书名: Winning the games scientists play
作者: Carl J. Sindermann
分册号:
分册名:
出版地: New York :
 
出版社: PERSEUS PUBLISHING
出版时间: c2001.
页数: xii, 290 p. :
开本: 22 cm.
丛书名:
中图分类号:
科图分类号:
其他分类号: N03
主题词:
电子资源:
000 01069nam 2200289 a 4500
001 E0737850924
005 20070517103320.56
008 00110 eng
008 uu
010    @a82012225
020    @a0-7382-0425-0.
049    @aN5LA
050 0  @aQ175 @b.S569 1982
082 0  @a306/.45 @219
090    @a2/N03/SCJ////////////461031
090    @aN03
096    @aN03 @v2
099    @dN03@ex5
100 10 @aSindermann, Carl J.
245 10 @aWinning the games scientists play / @cCarl J. Sindermann
260 0  @aNew York :@bPERSEUS PUBLISHING,@cc2001.
300    @axii, 290 p. :@bill. ;@c22 cm.
500    @aIncludes index.
504    @aBibliography: p. 283.
650  0 @aScience @xMethodology.
650  0 @aScientists. @b00 @c20020930 @lNLC09 @h2248 @b00 @c20021020 @lNLC09 @h2107 @lNLC09 @h2325 @lNLC09 @h1916 @b00 @c20030112 @lNLC09 @h1532 @b00 @c20030112 @lNLC09 @h1538 @b00 @c20030113 @lNLC09 @h2111 @b00 @c20030116 @lNLC09 @h1702 @b00 @c20030117 @lNLC09 @h1855 @b00 @c20030716 @lNLC09 @h2300
852 9  @bWWJC @cJ08S @k2 @hN03 @iSCJ
    
    Winning the games scientists play / / Carl J. Sindermann.-New York : : PERSEUS PUBLISHING, , c2001.
    xii, 290 p. : : ill. ; ; 22 cm.
    Includes index.-Bibliography: p. 283.
    
    ISBN 0-7382-0425-0.
    
●
相关链接 在E读中查询图书 在五车中查询图书 在当当中查询图书 在豆瓣中查询图书


正题名:Winning the games scientists play     索取号:N03/x5         预约/预借

序号 登录号 条形码 馆藏地/架位号 状态 备注
1 10384   300103849   第二样本阅览室/ [索取号:N03/x5] 在馆    
唐山师范学院图书馆 欢迎您!
大连网信软件有限公司© 版权所有